000 00664nam a2200241Ia 4500
008 160319s9999 xx 000 0 und d
020 _a971-08-5673-1
050 _aFIL QH 308.2
050 _b.D57 2004
100 _aDitan, Carolina Desamero.
245 _aIntroduction to biological science /
245 _cCarolina Desamero Ditan.
250 _aRevised Edition
260 _aMandaluyong:
260 _bNational Book Store,
260 _c1994
300 _a220 pages :
300 _billustrations ;
300 _c22 cm.
500 _aIncludes bibliographical references.
650 _aBiology.
650 _xBiology -- Problems, exercises, etc.
999 _c291899
_d291899